Départements dont l'altitude maximale ne dépasse pas 200m - Statistiques

Statistiques générales
  • Ce quiz a été pris 120 fois
  • Le résultat moyen est 5 sur 9
Statistiques - réponses
Altitude Max Département % Correct
117m Loire-Atlantique
71%
127m Paris
69%
167m Gironde
64%
173m Charente-Maritime
59%
131m Seine-Saint-Denis
54%
179m Hauts-de-Seine
50%
130m Val-de-Marne
48%
178m Essonne
47%
186m Indre-et-Loire
14%
Aucun quiz correspondant
Distribution des résultats
% des personnes avec chaque résultat
Percentile par nombre de réponses
Votre historique - résultats
Vous n’avez pas pris ce quiz